000 00565nam a22002177a 4500
999 _c2028
_d2028
003 SLTCLib
008 260610b ce ||||| |||| 00| 0 eng d
020 _a9781292402727
041 _aEnglish
080 _a658:001.8
_bSAU
100 _aSaunders, Mark N. K.
_93580
245 _aResearch Methods for Business Students
250 _a9th ed
260 _aHarlow
_bPearson
_c2023
300 _a860p.
650 0 _92221
_a Business Research
650 0 _9932
_aBusiness
700 _93578
_aLewis, Philip
700 _93579
_aThornhill, Adrian
942 _2ddc
_cMRE
945 _a3725
_bIshara wickramage
_c3725
_dIshara wickramage